| 000 | 01503nam0a22003011 4500 | ||
|---|---|---|---|
| 001 | rc\4042929 | ||
| 005 | 20250611070039.0 | ||
| 021 |
_aRU _b[48-1497] |
||
| 035 | _a(NLR Aleph) 008100674 | ||
| 090 |
_a9242103 _c9242103 |
||
| 100 | _a20130415d1948 |||y0rusy50 ca | ||
| 101 | 0 | _arus | |
| 102 | _aRU | ||
| 105 | _ay j ||||| | ||
| 200 | 1 |
_aПроизводственные мощности промышленности СССР и их использование _eСтенограмма лекции, прочит. в Высш. парт. школе при ЦК ВКП(б) _fВысш. парт. школа при ЦК ВКП(б) |
|
| 210 |
_aМосква _cТип. Высш. парт. школы при ЦК ВКП(б) _d1948 |
||
| 215 |
_a23 с. _d22 |
||
| 225 | 1 |
_aКурс "Основы советской экономики и практика руководства отраслями народного хозяйства" _vЛекция 17 |
|
| 300 | _aПеред загл. авт.: П. Иванов | ||
| 606 |
_aПромышленность СССР _2psbo |
||
| 606 |
_aПромышленные предприятия _xПроизводственная мощность _2psbo |
||
| 700 | 1 |
_aИванов _bП. С. _cд-р экон. наук, эконономика пром-сти _gПавел Сергеевич _9223575 _3RU\NLR\AUTH\770223631 |
|
| 801 | 0 |
_aRU _bNLR _gpsbo |
|
| 801 | 1 |
_aRU _bELAR _2rusmarc |
|
| 852 |
_aNLR _jЭк14 Г-6/32-17 |
||
| 942 | _cBOOK | ||
| 980 | _aNB | ||